000
00293nam a22001337a 4500
008
181121b xxu||||| |||| 00| 0 eng d
020
_a
9780079042200
041
_a
eng
080
_a
573
100
_a
11
101
_a
BIO
245
_a
Biology Reading Essentials
_c
Hill.M
942
_2
udc
_c
BK
999
_c
52250
_d
52250